|
|
|
|
| LEADER |
01130nam a2200277 a 4500 |
| 001 |
2927445 |
| 008 |
100107s1989 ii b 000 0 eng d |
| 010 |
|
|
|a 89034757
|
| 020 |
|
|
|a 0803996152 (U.S.)
|
| 020 |
|
|
|a 8170361575 (India)
|
| 040 |
|
|
|a DLC
|c DLC
|d DLC
|
| 082 |
0 |
0 |
|a 305.42/095
|2 20
|
| 245 |
0 |
0 |
|a Women and population dynamics :
|b perspectives from Asian countries /
|c edited by K. Mahadevan ; editorial committee, Akbar Aghajanian ... [etal.].
|
| 260 |
|
|
|a New Delhi ;
|a Newbury Park, Calif. :
|b Sage Publications,
|c 1989.
|
| 300 |
|
|
|a 382 p. ;
|c 23 cm.
|
| 504 |
|
|
|a Includes bibliographical references.
|
| 541 |
1 |
|
|e 00004268
|
| 650 |
|
0 |
|a Women
|z Asia
|x Social conditions.
|
| 650 |
|
0 |
|a Fertility, Human
|z Asia.
|
| 650 |
|
0 |
|a Women
|z India
|x Social conditions.
|
| 650 |
|
0 |
|a Fertility, Human
|z India.
|
| 700 |
1 |
|
|a Mahadevan, K.,
|d 1940-
|
| 700 |
1 |
|
|a Aghajanian, Akbar.
|
| 852 |
4 |
|
|a Ayesha Abed Library
|j General shelf
|
| 999 |
|
|
|c 6818
|d 6818
|
| 952 |
|
|
|0 0
|1 0
|2 ddc
|4 0
|6 305_420950000000000_WOM_1989
|7 0
|9 7018
|a BRACUL
|b BRACUL
|c GEN
|d 2010-01-10
|g 0.00
|l 0
|o 305.42095 WOM
|p 3010004268
|r 2010-01-10
|t 1
|w 2010-01-10
|y BK
|z Not price in Register
|